[Event "SVK-ch Region"]
[Site "Slovakia"]
[Date "2006.07.06"]
[Round "8"]
[White "Kristian, Stefan"]
[Black "Frankova, Emilia"]
[Result "1-0"]
[WhiteElo "1420"]
[BlackElo "1437"]
[PlyCount "56"]
[EventDate "2006.06.04"]
[EventType "swiss"]
[EventRounds "9"]
[EventCountry "SVK"]
[SourceTitle "EXT 2007"]
[Source "ChessBase"]
[SourceDate "2006.11.23"]
[SourceVersion "1"]
[SourceVersionDate "2006.11.23"]
[SourceQuality "1"]

1. e4 e5 2. Nf3 Nc6 3. Bc4 Qe7 4. c3 Na5 5. Be2 Nf6 6. b4 Nc6 7. 0-0 Nxe4 8. Re1 Nf6 9. d4 e4 10. Nfd2 d5 11. Ba3 Qe6 12. Nb3 Ne7 13. Nc5 Qc6 14. b5 Qb6 15. Nd2 c6 16. Rb1 Nf5 17. bxc6 Qxc6 18. Bb5 Bxc5 19. Bxc6+ bxc6 20. Bxc5 Nd7 21. Nb3 a5 22. a4 e3 23. fxe3 Nf6 24. Nd2 Ne4 25. Nxe4 dxe4 26. d5 cxd5 27. Qxd5 Ne7 28. Qxa8 Kd7 1-0

[Event "SVK-ch Region"]
[Site "Slovakia"]
[Date "2006.07.05"]
[Round "7"]
[White "Frankova, Emilia"]
[Black "Surina, Ludovit"]
[Result "0-1"]
[WhiteElo "1437"]
[BlackElo "1501"]
[PlyCount "55"]
[EventDate "2006.06.04"]
[EventType "swiss"]
[EventRounds "9"]
[EventCountry "SVK"]
[SourceTitle "EXT 2007"]
[Source "ChessBase"]
[SourceDate "2006.11.23"]
[SourceVersion "1"]
[SourceVersionDate "2006.11.23"]
[SourceQuality "1"]

1. e4 e5 2. Nc3 Nf6 3. d3 d5 4. Nf3 dxe4 5. Nxe5 exd3 6. Bxd3 Bd6 7. Qe2 0-0 8. Bf4 Re8 9. 0-0 Nfd7 10. Qg4 Bxe5 11. Rfe1 Bxf4 12. Rxe8+ Qxe8 13. Qxf4 c6 14. Qf5 Nf6 15. Qf3 Bg4 16. Qg3 Nbd7 17. a3 Bh5 18. Rc1 b5 19. b4 a5 20. bxa5 Rxa5 21. Qc7 Rxa3 22. Qxc6 b4 23. Nb1 Ra2 24. Nd2 h6 25. Bc4 Rb2 26. Qa4 Bg6 27. Rb1 Rxb1+ 28. Nxb1 0-1

[Event "SVK-ch Region"]
[Site "Sklene Teplice"]
[Date "2005.??.??"]
[Round "?"]
[White "Franko, Viliam"]
[Black "Frankova, Emilia"]
[Result "0-1"]
[WhiteElo "1464"]
[BlackElo "1350"]
[PlyCount "60"]
[EventDate "2005.??.??"]
[EventType "swiss"]
[EventRounds "9"]
[EventCountry "SVK"]
[SourceTitle "EXT 2007"]
[Source "ChessBase"]
[SourceDate "2006.11.23"]
[SourceVersion "1"]
[SourceVersionDate "2006.11.23"]
[SourceQuality "1"]

1. e4 e5 2. Nf3 d6 3. Bc4 Qf6 4. d3 Nd7 5. Bg5 Qg6 6. Nc3 h6 7. Bh4 Qxg2 8. Ke2 Qg4 9. Rg1 Qh5 10. b4 Ngf6 11. Nd5 g5 12. Bg3 Kd8 13. Kd2 Bg7 14. b5 b6 15. h4 g4 16. Nh2 Qg6 17. Ne3 h5 18. f3 Nc5 19. Qe2 Bh6 20. fxg4 hxg4 21. Nhxg4 Nxg4 22. Bf2 Bxe3+ 23. Qxe3 Rxh4 24. Qg3 Qh6+ 25. Kc3 Na4+ 26. Kb4 Qd2+ 27. Kxa4 Qxc2+ 28. Bb3 Qd2 29. Qxh4+ f6 30. Rac1 Qa5# 0-1

[Event "SVK-ch Region"]
[Site "Sklene Teplice"]
[Date "2005.??.??"]
[Round "?"]
[White "Sedlarik, Anton"]
[Black "Frankova, Emilia"]
[Result "1/2-1/2"]
[WhiteElo "1612"]
[BlackElo "1350"]
[PlyCount "39"]
[EventDate "2005.??.??"]
[EventType "swiss"]
[EventRounds "9"]
[EventCountry "SVK"]
[SourceTitle "EXT 2007"]
[Source "ChessBase"]
[SourceDate "2006.11.23"]
[SourceVersion "1"]
[SourceVersionDate "2006.11.23"]
[SourceQuality "1"]

1. e4 e6 2. d4 Nc6 3. Nf3 d6 4. Bb5 Bd7 5. 0-0 Nf6 6. Bg5 h6 7. Bxf6 Qxf6 8. c3 a6 9. Bd3 Be7 10. Re1 0-0-0 11. Qe2 e5 12. d5 Bg4 13. dxc6 bxc6 14. Bxa6+ Kd7 15. Nbd2 Ra8 16. b4 Qg6 17. b5 cxb5 18. Bxb5+ c6 19. Bc4 Bh3 20. g3 1/2-1/2